000 00211 a2200097 4500
001 47247
100 _aMarshal,
245 _aThe Third Service
260 _aLondon
_bThames and Hudson
_c
090 _c30293
_d30293
942 _aNUST-CAE
_cM
_c22551
999 _c282320
_d282320